000 00567nam a2200193Ia 4500
005 20250508163240.0
008 008 250505s9999 xx 000 0 hin d
037 _aDissertations
040 _aFEDL
_beng
_cFEDL
041 _ahin
_2eng
084 _a370.153, MAN/DI
_qFEDL
100 _aManral Bheema
_9774992
245 0 _aSanakotar chatr-chatrao ke astitva dabave ka addhyan
260 _c1985
300 _aii,63p.
546 _aM. A. Degree Dissertation (Kumaon University)
942 _cDIS
_h370.153, MAN/DI
999 _c1381766
_d1381766